书目信息 |
| 题名: |
歌舞厅建筑声学、音频、灯光、电气应用技术
|
|
| 作者: | 梅更华 编著 | |
| 分册: | ||
| 出版信息: | 北京 电子工业出版社 2000 |
|
| 页数: | 251页 | |
| 开本: | 26cm | |
| 丛书名: | ||
| 单 册: | ||
| 中图分类: | TU242.4 , J814.5 | |
| 科图分类: | ||
| 主题词: | 歌舞厅--建筑声学 , 歌舞厅--舞台灯光 , 歌舞厅--音频设备 , 歌舞厅 , 建筑声学 , 舞台灯光 , 音频设备 | |
| 电子资源: | ||
| ISBN: | 7-5053-5683-6 | |
| 000 | 01003nam0 2200301 450 | |
| 001 | 1537015557 | |
| 005 | 20150131101726.17 | |
| 010 | @a7-5053-5683-6@dCNY26.00 | |
| 100 | @a20010326d2000 em y0chiy0110 ea | |
| 101 | 0 | @achi |
| 102 | @aCN@b110000 | |
| 105 | @aa z 000yy | |
| 200 | 1 | @a歌舞厅建筑声学、音频、灯光、电气应用技术@9ge wu ting jian zhu sheng xue 、 yin pin 、 deng guang 、 dian qi ying yong ji shu@f梅更华编著 |
| 210 | @a北京@c电子工业出版社@d2000 | |
| 215 | @a251页@c图@d26cm | |
| 330 | @a本书中着重讲解器材的基本工作原理、使用、调试方法,介绍一些工程规范要求和实际施工中的具体操作方法,列出了一些专业器材的各种键、钮的使用方法及用途。 | |
| 606 | 0 | @a歌舞厅@x建筑声学 |
| 606 | 0 | @a歌舞厅@x舞台灯光 |
| 606 | 0 | @a歌舞厅@x音频设备 |
| 606 | 0 | @a歌舞厅 |
| 606 | 0 | @a建筑声学 |
| 606 | 0 | @a舞台灯光 |
| 606 | 0 | @a音频设备 |
| 690 | @aTU242.4@v5 | |
| 690 | @aJ814.5@v5 | |
| 701 | 0 | @a梅更华@9mei geng hua@4编著 |
| 801 | 0 | @aCN@bTSSF@c20150131 |
| 905 | @aZUCC@dTU242.4@eJY1 | |
| 歌舞厅建筑声学、音频、灯光、电气应用技术/梅更华编著.-北京:电子工业出版社,2000 |
| 251页:图;26cm |
| ISBN 7-5053-5683-6:CNY26.00 |
| 本书中着重讲解器材的基本工作原理、使用、调试方法,介绍一些工程规范要求和实际施工中的具体操作方法,列出了一些专业器材的各种键、钮的使用方法及用途。 |
| ● |
| 相关链接 |
|
|
|
|
正题名:歌舞厅建筑声学、音频、灯光、电气应用技术
索取号:TU242.4/JY1
 
预约/预借
| 序号 | 登录号 | 条形码 | 馆藏地/架位号 | 状态 | 备注 |
| 1 | 7862750 | 278627504 | 学院路分馆/ [索取号:TU242.4/JY1] | 在馆 | |
| 2 | 7862751 | 278627513 | 学院路分馆/ [索取号:TU242.4/JY1] | 在馆 | |
| 3 | 7862752 | 278627522 | 学院路分馆/ [索取号:TU242.4/JY1] | 在馆 | |
| 4 | 7862753 | 278627531 | 学院路分馆/ [索取号:TU242.4/JY1] | 在馆 |